=LDR 00000nam 2200000 4500 =001 INLIS000000000010902 =005 20161220163955.0 =006 =007 =008 , =035 ##$$0010-061300000010902 =041 ##$$a Ind =082 ##$$a 364.152.3 =090 ##$$a 364.152.3 Kha h =100 ##$$a Khazawi, Drs.Adami =245 ##$$a Kejahatan terhadap Tubuh dan nyawa =260 ##$$a Jakarta $b RajaGrafindo Persada $c 2001 =300 ##$$a XII-146 hlm, 21 cm =850 ##$$a NBPNMAT =990 ##$$a 0001/BPAP-NTB/20142014 =990 ##$$a 0001/BPAP-NTB/2016